000 00654nab a2200169 i 4500
001 190383
003 ES-MaACL
005 20250731034213.0
008 210120s2012 sp 000 0 spa d
100 1 _aFlórez, Rafael,
_d1926-2019
_951311
245 1 4 _aLos jenízaros pisando por el Ateneo :
_blos 40 años de secuestro franquista /
_cRafael Flórez.
610 2 4 _aAteneo de Madrid-
_vHistoria-
_vRelatos personales
_91926
773 0 _tMadrid histórico,
_dMadrid : Madrid Histórico,
_xISSN 1885-5814,
_gN. 41, 2012, p. 60-65
_0178443
_9185303
_w178443
942 _cANAB
_2udc
999 _c190383
_d190383